Νίκος Καζαντζάκης : γεννήθηκε για τη δόξα
Αποθηκεύτηκε σε:
| Κύριος συγγραφέας: | |
|---|---|
| Άλλοι συγγραφείς: | |
| Μορφή: | Βιβλίο |
| Γλώσσα: | Greek |
| Δημοσίευση: |
Αθήνα :
Καστανιώτης,
1983
|
| Σειρά: | Ελλης Αλεξίου Απαντα ;
; 23 |
| Θέματα: | |
| Ετικέτες: |
Προσθήκη ετικέτας
Δεν υπάρχουν, Καταχωρήστε ετικέτα πρώτοι!
|
MARC
| LEADER | 00000cam a2200000 i 4500 | ||
|---|---|---|---|
| 001 | 1/95982 | ||
| 008 | 081023s1983 gre d | ||
| 035 | |l 10101127 | ||
| 040 | |a GR-MY-UA |b gre |e aacr | ||
| 041 | 0 | |a gre | |
| 082 | 0 | |a 889.334 |2 (22) | |
| 100 | 1 | |a Αλεξίου, Έλλη, |d 1894-1989. | |
| 245 | 1 | 0 | |a Νίκος Καζαντζάκης : |b γεννήθηκε για τη δόξα / |c Ε. Αλεξίου - Γ. Στεφανάκης |
| 260 | |a Αθήνα : |b Καστανιώτης, |c 1983 | ||
| 300 | |a 370 σ.; |c 21 εκ. | ||
| 490 | 1 | |a Έλλης Αλεξίου άπαντα |v ; 23 | |
| 650 | 0 | 0 | |a Greek literature, Modern. |
| 650 | 0 | 0 | |a Greek literature. |
| 700 | 1 | |a Στεφανάκης, Γ. |4 aui | |
| 830 | 0 | |a Ελλης Αλεξίου Απαντα ; |v ; 23 | |
| 852 | |a INST |b RHODES |c AKA |e 20081023 |h 889.334 ΑΛΕ |p 005400031214 |q 005400031214 |t BK |y 0 | ||
| 901 | |a BIBL4-2008-3 | ||
| 909 | |a Ρ |b 153467 | ||
| 970 | |a ΚΟΖΑ |b ΜΑΡΙΑ |z 2008/10/23 | ||